000 00359nam a2200157Ia 4500
008 210210b1951 xxu||||| |||| 00| 0 eng d
041 _aeng
082 _a829/401
100 _aFORSTER (E M)
245 _aHowards end
260 _aLondon
_bEdward Arnold & Co
_c1951
650 _aHowards
650 _aend
690 _aEnglish Fiction
906 _a017005
999 _c136964
_d136964